| 000 | 00639 a2200265 4500 | ||
|---|---|---|---|
| 001 | 110318 | ||
| 020 | _a0329419870 | ||
| 020 | _a0516236202 (hc.) | ||
| 020 | _a0516246674 (pbk.) | ||
| 020 | _a1415581282 | ||
| 041 | _apor | ||
| 090 | _aP Year 2 530 | ||
| 092 | _a2004001223 | ||
| 100 | _aCurry, Don L. | ||
| 250 | _a. ed. | ||
| 300 | _a31 p. | ||
| 490 | _aRookie read-about science | ||
| 697 | _aMatter | ||
| 830 | _aRookie read-about science | ||
| 856 | _u000019/00001950.jpg | ||
| 040 |
_aBR-BrIDEA _cBR-BrIDEA |
||
| 245 | 1 | 0 |
_aWhat is matter? _c Don L Curry |
| 260 |
_a[S.l.] _bChildren's Press _c2004 |
||
| 942 | _cBK | ||
| 999 |
_c110318 _d110318 |
||